Statistics for Top 10 Oldest Extant Animal Species on Earth

Click here to take the quiz!

General Stats

  • This quiz has been taken 26 times
  • The average score is 4 of 10

Answer Stats

Years Hint Answer % Correct
5.445 millionA marine arthropodHorseshoe Crab
68%
3.550 millionA softbodied animal with an umbrella-shaped bell and trailing tentaclesJellyfish
64%
7.200 millionA primitive bony fish whose eggs humans eatSturgeon
56%
8.200 millionA tiny crustaceanHorseshoe Shrimp
48%
4.500 millionA marine mollusc with a shell in the shape of a whorlNautilus
36%
1.2.8 billionThe first ever microbe to produce oxygen via photosynthesisCyanobacteria
32%
2.580 millionA plant-like organism full of pores and channelsSponge
28%
9.150 millionA living fossil that looks like a sea dragonFrilled Shark
28%
6.360 millionA critically endangered deep sea fishCoelacanth
12%
10.120 millionAn insect discovered in the Amazon rain forestMartialis Huereka
8%

Score Distribution

Percentile by Number Answered

Percent of People with Each Score

Your Score History

You have not taken this quiz